[Event "DVM U14w 2020"]
[Site "Willingen GER"]
[Date "2021.06.24"]
[Round "1"]
[White "Eger, Nora"]
[Black "Gruber, Florentine"]
[Result "0-1"]
[Termination "normal"]
[Board "9.4"]
[WhiteElo "1104"]
[BlackElo "988"]
[WhiteTeam "SSV Altenberg"]
[BlackTeam "SchachAkademiePaderborn e. V."]
[PlyCount "170"]
[WhiteFideId "34605827"]
[BlackFideId "34605711"]
[EventCountry "GER"]
[EventRounds "7"]
[EventType "team-swiss"]
[EventDate "2021.06.23"]

1. e4 e6 2. d4 d5 3. Nc3 dxe4 4. Nxe4 Nd7 5. Nf3 Ngf6 6. Bg5 Be7 7. Bxf6 Nxf6
8. Bd3 O-O 9. O-O b6 10. c3 Bb7 11. Re1 Nxe4 12. Bxe4 Bxe4 13. Rxe4 Qd5 14. Re5
Qd6 15. Qd3 c5 16. Rae1 Bf6 17. Rh5 h6 18. d5 Rad8 19. Rd1 Rfe8 20. Re1 e5 21.
c4 Re7 22. Re4 a6 23. b3 b5 24. Qe3 Rde8 25. Rg4 Kf8 26. h4 Rb7 27. Qe4 bxc4
28. bxc4 Rb2 29. a3 Rb3 30. a4 Ra3 31. a5 Rxa5 32. g3 Ra1+ 33. Kg2 a5 34. Qd3
Qe7 35. Nd2 a4 36. Qc2 Ra8 37. Re4 a3 38. Nb3 Re1 39. Rxe1 a2 40. Qe2 e4 41.
Qf1 Ra3 42. Na1 Bc3 43. Re3 Qb7 44. Qc1 Bb2 45. Qd1 Rxe3 46. fxe3 Bxa1 47. Qxa1
Qb1 48. Qxb1 axb1=Q 49. d6 Qa2+ 50. Kh3 Qxc4 51. Re5 Qd3 52. Rxc5 Qxd6 53. Rc8+
Ke7 54. Ra8 g5 55. hxg5 hxg5 56. Rg8 f6 57. Rg7+ Ke6 58. Rg8 Qd3 59. Re8+ Kf5
60. g4+ Kg6 61. Rg8+ Kf7 62. Rb8 Qxe3+ 63. Kg2 Qf3+ 64. Kg1 Qg3+ 65. Kf1 Qxb8
66. Ke2 Qf4 67. Kd1 e3 68. Ke2 Qf2+ 69. Kd3 e2 70. Kc4 e1=R 71. Kd5 Qd2+ 72.
Kc4 Rc1+ 73. Kb3 Qb2+ 74. Kxb2 Rg1 75. Kc2 Rxg4 76. Kd3 f5 77. Ke3 Re4+ 78. Kf3
g4+ 79. Kg3 Kg6 80. Kf2 f4 81. Kg2 f3+ 82. Kg3 Kg5 83. Kf2 Re2+ 84. Kf1 g3 85.
Kg1 Re1# 0-1

[Event "DVM U14w 2020"]
[Site "Willingen GER"]
[Date "2021.06.24"]
[Round "2"]
[White "Prinzen, Siri Marleen"]
[Black "Lorenz, Veronika"]
[Result "1-0"]
[Termination "normal"]
[Board "1.1"]
[WhiteElo "1722"]
[BlackElo "1336"]
[WhiteClock "00:08:12"]
[BlackClock "00:18:41"]
[WhiteTeam "Karlsruher SF 1853"]
[BlackTeam "TSG Oberschöneweide e.V."]
[PlyCount "85"]
[WhiteFideId "16265912"]
[BlackFideId "16277406"]
[EventCountry "GER"]
[EventRounds "7"]
[EventType "team-swiss"]
[EventDate "2021.06.23"]

1. e4 {[%clk 1:30:54]} 1... e5 {[%clk 1:30:54]} 2. Nf3 {[%clk 1:31:17]} 2...
Nc6 {[%clk 1:31:12]} 3. Bc4 {[%clk 1:31:40]} 3... Nf6 {[%clk 1:31:34]} 4. d3 {
[%clk 1:31:55]} 4... Bc5 {[%clk 1:31:48]} 5. c3 {[%clk 1:32:09]} 5... O-O {
[%clk 1:31:27]} 6. O-O {[%clk 1:30:14]} 6... d5 {[%clk 1:30:35]} 7. exd5 {
[%clk 1:29:23]} 7... Nxd5 {[%clk 1:30:54]} 8. Nbd2 {[%clk 1:26:51]} 8... Nb6 {
[%clk 1:30:14]} 9. Bb5 {[%clk 1:23:22]} 9... Bg4 {[%clk 1:28:25]} 10. Ne4 {
[%clk 1:20:56]} 10... Bd6 {[%clk 1:23:24]} 11. h3 {[%clk 1:18:52]} 11... Bh5 {
[%clk 1:21:32]} 12. Ng3 {[%clk 1:18:19]} 12... Bg6 {[%clk 1:21:28]} 13. Bg5 {
[%clk 1:10:46]} 13... f6 {[%clk 1:20:49]} 14. Be3 {[%clk 1:10:32]} 14... Qd7 {
[%clk 1:18:32]} 15. d4 {[%clk 1:06:17]} 15... a6 {[%clk 1:16:15]} 16. Be2 {
[%clk 0:57:50]} 16... e4 {[%clk 1:09:03]} 17. Nh4 {[%clk 0:55:08]} 17... f5 {
[%clk 1:05:58]} 18. Nxg6 {[%clk 0:52:06]} 18... hxg6 {[%clk 1:06:20]} 19. Bg5 {
[%clk 0:50:42]} 19... Rae8 {[%clk 1:03:52]} 20. f4 {[%clk 0:37:05]} 20... Be7 {
[%clk 0:51:19]} 21. h4 {[%clk 0:32:13]} 21... Bxg5 {[%clk 0:48:31]} 22. hxg5 {
[%clk 0:32:36]} 22... Nd5 {[%clk 0:47:08]} 23. Rf2 {[%clk 0:26:06]} 23... Qd6 {
[%clk 0:46:30]} 24. Bc4 {[%clk 0:23:49]} 24... b5 {[%clk 0:46:20]} 25. Bxd5+ {
[%clk 0:23:11]} 25... Qxd5 {[%clk 0:46:43]} 26. Qb3 {[%clk 0:22:11]} 26... Ne7
{[%clk 0:42:13]} 27. Nf1 {[%clk 0:20:54]} 27... Kh7 {[%clk 0:39:16]} 28. Ne3 {
[%clk 0:20:11]} 28... Qd6 {[%clk 0:38:59]} 29. g3 {[%clk 0:18:56]} 29... Ng8 {
[%clk 0:33:29]} 30. Rh2+ {[%clk 0:18:28]} 30... Nh6 {[%clk 0:33:11]} 31. Kf2 {
[%clk 0:17:16]} 31... Re6 {[%clk 0:30:13]} 32. Rah1 {[%clk 0:16:10]} 32... c5 {
[%clk 0:24:18]} 33. gxh6 {[%clk 0:13:47]} 33... gxh6 {[%clk 0:23:42]} 34. Rxh6+
{[%clk 0:13:51]} 34... Kg7 {[%clk 0:23:43]} 35. Rh7+ {[%clk 0:12:53]} 35... Kg8
{[%clk 0:22:55]} 36. Qd5 {[%clk 0:08:57]} 36... cxd4 {[%clk 0:18:08]} 37. Rh8+
{[%clk 0:06:38]} 37... Kf7 {[%clk 0:18:29]} 38. R1h7+ {[%clk 0:06:54]} 38...
Ke8 {[%clk 0:18:44]} 39. Qa8+ {[%clk 0:07:12]} 39... Qd8 {[%clk 0:18:13]} 40.
Rxf8+ {[%clk 0:07:27]} 40... Kxf8 {[%clk 0:18:31]} 41. Qxd8+ {[%clk 0:07:42]}
41... Re8 {[%clk 0:18:51]} 42. Qf6+ {[%clk 0:07:56]} 42... Kg8 {[%clk 0:18:41]}
43. Qg7# {[%clk 0:08:12]} 1-0

[Event "DVM U14w 2020"]
[Site "Willingen GER"]
[Date "2021.06.24"]
[Round "2"]
[White "Arnold, Rubina"]
[Black "Fischer, Darja"]
[Result "1/2-1/2"]
[Termination "normal"]
[Board "1.2"]
[WhiteElo "1442"]
[BlackElo "1559"]
[WhiteClock "00:14:26"]
[BlackClock "00:09:44"]
[WhiteTeam "TSG Oberschöneweide e.V."]
[BlackTeam "Karlsruher SF 1853"]
[PlyCount "81"]
[WhiteFideId "16276272"]
[BlackFideId "16240898"]
[EventCountry "GER"]
[EventRounds "7"]
[EventType "team-swiss"]
[EventDate "2021.06.23"]

1. e4 {[%clk 1:30:57]} 1... c5 {[%clk 1:30:56]} 2. Nf3 {[%clk 1:31:22]} 2... a6
{[%clk 1:31:23]} 3. c3 {[%clk 1:31:46]} 3... d5 {[%clk 1:31:49]} 4. exd5 {
[%clk 1:32:06]} 4... Qxd5 {[%clk 1:32:13]} 5. Be2 {[%clk 1:32:22]} 5... Nf6 {
[%clk 1:31:31]} 6. O-O {[%clk 1:32:28]} 6... e6 {[%clk 1:30:57]} 7. c4 { [%clk
1:31:29]} 7... Qd8 {[%clk 1:30:05]} 8. b3 {[%clk 1:30:17]} 8... Be7 { [%clk
1:27:34]} 9. Bb2 {[%clk 1:30:07]} 9... O-O {[%clk 1:26:38]} 10. d4 { [%clk
1:22:19]} 10... cxd4 {[%clk 1:21:50]} 11. Nxd4 {[%clk 1:19:46]} 11... Bd7
{[%clk 1:18:39]} 12. Bf3 {[%clk 1:15:19]} 12... Qc7 {[%clk 1:15:37]} 13. Nc3 {
[%clk 1:10:36]} 13... Nc6 {[%clk 1:14:40]} 14. Nxc6 {[%clk 1:08:28]} 14... Bxc6
{[%clk 1:14:36]} 15. Qe2 {[%clk 1:08:36]} 15... Bxf3 {[%clk 1:10:52]} 16. Qxf3
{[%clk 1:07:56]} 16... Rfd8 {[%clk 1:08:16]} 17. Rad1 {[%clk 1:02:56]} 17...
Bd6 {[%clk 1:03:18]} 18. g3 {[%clk 0:57:01]} 18... Be5 {[%clk 1:01:58]} 19. Ba1
{[%clk 0:52:44]} 19... Qa5 {[%clk 0:58:05]} 20. a4 {[%clk 0:43:56]} 20... Rac8
{[%clk 0:51:25]} 21. Ne4 {[%clk 0:34:22]} 21... Nxe4 {[%clk 0:47:27]} 22. Qxe4
{[%clk 0:34:43]} 22... Bxa1 {[%clk 0:46:00]} 23. Rxa1 {[%clk 0:35:09]} 23...
Qb4 {[%clk 0:46:07]} 24. Qf3 {[%clk 0:33:22]} 24... Rd2 {[%clk 0:45:34]} 25.
Rfd1 {[%clk 0:33:04]} 25... Rcd8 {[%clk 0:42:17]} 26. Rxd2 {[%clk 0:31:52]}
26... Rxd2 {[%clk 0:42:12]} 27. Rd1 {[%clk 0:31:16]} 27... Rxd1+ { [%clk
0:39:08]} 28. Qxd1 {[%clk 0:27:37]} 28... g6 {[%clk 0:38:27]} 29. Qd8+ { [%clk
0:25:40]} 29... Kg7 {[%clk 0:38:46]} 30. Qd4+ {[%clk 0:23:30]} 30... Kg8 {[%clk
0:32:55]} 31. Qd8+ {[%clk 0:22:29]} 31... Qf8 {[%clk 0:31:02]} 32. Qxf8+ {[%clk
0:21:30]} 32... Kxf8 {[%clk 0:31:22]} 33. b4 {[%clk 0:20:01]} 33... Ke7 {[%clk
0:28:19]} 34. f4 {[%clk 0:19:28]} 34... e5 {[%clk 0:25:19]} 35. fxe5 { [%clk
0:18:25]} 35... Ke6 {[%clk 0:25:34]} 36. Kf2 {[%clk 0:18:43]} 36... Kxe5 {[%clk
0:25:55]} 37. Ke3 {[%clk 0:18:56]} 37... f5 {[%clk 0:26:01]} 38. a5 { [%clk
0:17:10]} 38... h6 {[%clk 0:24:54]} 39. b5 {[%clk 0:14:23]} 39... f4+ { [%clk
0:12:20]} 40. gxf4+ {[%clk 0:14:26]} 40... Ke6 {[%clk 0:09:44]} 41. Kf3 { [%clk
0:14:26]} 1/2-1/2

[Event "DVM U14w 2020"]
[Site "Willingen GER"]
[Date "2021.06.24"]
[Round "2"]
[White "Schulz, Hannah"]
[Black "Fock, Madiha"]
[Result "1/2-1/2"]
[Termination "normal"]
[Board "1.3"]
[WhiteElo "1539"]
[BlackElo "1278"]
[WhiteClock "00:30:12"]
[BlackClock "00:07:33"]
[WhiteTeam "Karlsruher SF 1853"]
[BlackTeam "TSG Oberschöneweide e.V."]
[PlyCount "76"]
[WhiteFideId "16244745"]
[BlackFideId "16253574"]
[EventCountry "GER"]
[EventRounds "7"]
[EventType "team-swiss"]
[EventDate "2021.06.23"]

1. e4 {[%clk 1:30:57]} 1... e5 {[%clk 1:30:56]} 2. Nf3 {[%clk 1:31:23]} 2...
Nc6 {[%clk 1:31:17]} 3. Bc4 {[%clk 1:31:51]} 3... Bc5 {[%clk 1:31:37]} 4. O-O {
[%clk 1:32:13]} 4... Nf6 {[%clk 1:31:59]} 5. d4 {[%clk 1:32:36]} 5... Bxd4 {
[%clk 1:32:18]} 6. Nxd4 {[%clk 1:32:52]} 6... Nxd4 {[%clk 1:32:38]} 7. f4 {
[%clk 1:33:13]} 7... d6 {[%clk 1:32:54]} 8. fxe5 {[%clk 1:33:38]} 8... dxe5 {
[%clk 1:33:14]} 9. Bg5 {[%clk 1:33:53]} 9... Qe7 {[%clk 1:33:09]} 10. Bxf6 {
[%clk 1:30:31]} 10... gxf6 {[%clk 1:32:58]} 11. Na3 {[%clk 1:30:27]} 11... Be6
{[%clk 1:30:09]} 12. Kh1 {[%clk 1:27:05]} 12... O-O-O {[%clk 1:22:12]} 13. Qb1
{[%clk 1:21:27]} 13... Rhg8 {[%clk 1:16:27]} 14. c3 {[%clk 1:21:12]} 14... Bxc4
{[%clk 1:16:06]} 15. Nxc4 {[%clk 1:21:04]} 15... Ne6 {[%clk 1:16:05]} 16. Ne3 {
[%clk 1:17:33]} 16... Qc5 {[%clk 1:11:17]} 17. Nd5 {[%clk 1:16:26]} 17... Rg6 {
[%clk 1:05:21]} 18. b4 {[%clk 1:15:19]} 18... Qf8 {[%clk 1:02:59]} 19. Rxf6 {
[%clk 1:12:37]} 19... c6 {[%clk 1:01:09]} 20. Rxg6 {[%clk 1:12:30]} 20... fxg6
{[%clk 1:01:14]} 21. Ne3 {[%clk 1:11:47]} 21... Qf4 {[%clk 0:51:48]} 22. Nf1 {
[%clk 1:05:51]} 22... Ng5 {[%clk 0:48:07]} 23. Ng3 {[%clk 1:04:18]} 23... Rd2 {
[%clk 0:46:45]} 24. Qf1 {[%clk 0:58:01]} 24... Rf2 {[%clk 0:34:43]} 25. Qd3 {
[%clk 0:50:49]} 25... Rd2 {[%clk 0:33:02]} 26. Qf1 {[%clk 0:50:34]} 26... Rc2 {
[%clk 0:29:02]} 27. Qd3 {[%clk 0:49:23]} 27... Qf2 {[%clk 0:29:08]} 28. Qf1 {
[%clk 0:47:19]} 28... Rxa2 {[%clk 0:26:54]} 29. Rxa2 {[%clk 0:44:50]} 29...
Qxa2 {[%clk 0:27:07]} 30. Qf8+ {[%clk 0:44:38]} 30... Kd7 {[%clk 0:26:08]} 31.
Qg7+ {[%clk 0:42:27]} 31... Qf7 {[%clk 0:18:21]} 32. Qxe5 {[%clk 0:39:58]}
32... Qe7 {[%clk 0:18:00]} 33. Qd4+ {[%clk 0:38:30]} 33... Qd6 {[%clk 0:18:03]}
34. Qg7+ {[%clk 0:30:46]} 34... Qe7 {[%clk 0:16:41]} 35. Qd4+ {[%clk 0:30:12]}
35... Qd6 {[%clk 0:12:18]} 36. Qg7+ {[%clk 0:30:12]} 36... Qe7 {[%clk 0:07:33]}
37. Qd4+ Qd6 38. Qg7+ Qe7 1/2-1/2

[Event "DVM U14w 2020"]
[Site "Willingen GER"]
[Date "2021.06.24"]
[Round "2"]
[White "Leongardt, Adel"]
[Black "Hoffmann, Sophia"]
[Result "0-1"]
[Termination "normal"]
[Board "1.4"]
[WhiteElo "1157"]
[BlackElo "1266"]
[WhiteClock "00:46:56"]
[BlackClock "00:27:08"]
[WhiteTeam "TSG Oberschöneweide e.V."]
[BlackTeam "Karlsruher SF 1853"]
[PlyCount "110"]
[WhiteFideId "16256549"]
[BlackFideId "16259130"]
[EventCountry "GER"]
[EventRounds "7"]
[EventType "team-swiss"]
[EventDate "2021.06.23"]

1. e4 {[%clk 1:30:55]} 1... e5 {[%clk 1:30:56]} 2. Nf3 {[%clk 1:31:13]} 2...
Nc6 {[%clk 1:31:14]} 3. d4 {[%clk 1:31:34]} 3... exd4 {[%clk 1:31:29]} 4. Nxd4
{[%clk 1:31:53]} 4... Bc5 {[%clk 1:31:18]} 5. Be3 {[%clk 1:32:03]} 5... Qf6 {
[%clk 1:31:04]} 6. c3 {[%clk 1:32:12]} 6... Qh4 {[%clk 1:30:17]} 7. Nd2 { [%clk
1:32:07]} 7... Nf6 {[%clk 1:26:01]} 8. Qf3 {[%clk 1:30:07]} 8... d6 { [%clk
1:23:59]} 9. Bd3 {[%clk 1:21:32]} 9... Bg4 {[%clk 1:22:15]} 10. Qf4 { [%clk
1:21:33]} 10... h6 {[%clk 1:20:11]} 11. h3 {[%clk 1:19:40]} 11... Nh5 { [%clk
1:19:18]} 12. Qh2 {[%clk 1:17:42]} 12... Be6 {[%clk 1:09:32]} 13. O-O { [%clk
1:14:43]} 13... O-O {[%clk 1:05:27]} 14. Nxe6 {[%clk 1:10:15]} 14... Bxe3
{[%clk 1:01:31]} 15. Nxf8 {[%clk 1:09:57]} 15... Bxd2 {[%clk 0:57:46]} 16. Rad1
{[%clk 1:06:22]} 16... Bf4 {[%clk 0:54:50]} 17. g3 {[%clk 1:06:15]} 17... Qg5 {
[%clk 0:53:14]} 18. Kh1 {[%clk 1:05:38]} 18... Bxg3 {[%clk 0:49:03]} 19. fxg3 {
[%clk 0:57:56]} 19... Nxg3+ {[%clk 0:48:33]} 20. Kg1 {[%clk 0:57:54]} 20...
Nxf1+ {[%clk 0:47:54]} 21. Kxf1 {[%clk 0:58:14]} 21... Rxf8 {[%clk 0:47:39]}
22. Qf2 {[%clk 0:56:29]} 22... Qh5 {[%clk 0:46:17]} 23. Rd2 {[%clk 0:55:46]}
23... Qxh3+ {[%clk 0:46:05]} 24. Ke2 {[%clk 0:55:17]} 24... Ne5 {[%clk 0:44:36]
} 25. Rd1 {[%clk 0:52:00]} 25... Qh5+ {[%clk 0:40:35]} 26. Ke1 {[%clk 0:50:49]}
26... Nf3+ {[%clk 0:38:20]} 27. Ke2 {[%clk 0:49:26]} 27... Nd4+ {[%clk 0:33:30]
} 28. Kd2 {[%clk 0:49:08]} 28... Qg5+ {[%clk 0:32:08]} 29. Qe3 {[%clk 0:48:26]}
29... Qxe3+ {[%clk 0:31:49]} 30. Kxe3 {[%clk 0:48:20]} 30... Ne6 { [%clk
0:30:45]} 31. b4 {[%clk 0:46:56]} 31... g5 {[%clk 0:29:47]} 32. a4 { [%clk
0:45:55]} 32... Nf4 {[%clk 0:28:36]} 33. c4 33... Nxd3 {[%clk 0:28:44]} 34.
Kxd3 {[%clk 0:44:37]} 34... f5 {[%clk 0:28:25]} 35. c5 {[%clk 0:43:47]} 35...
dxc5 {[%clk 0:28:05]} 36. bxc5 {[%clk 0:43:49]} 36... Rd8+ { [%clk 0:28:20]}
37. Ke2 {[%clk 0:43:27]} 37... Rxd1 {[%clk 0:28:43]} 38. Kxd1 { [%clk 0:43:50]}
38... f4 {[%clk 0:28:24]} 39. Ke2 {[%clk 0:43:38]} 39... g4 { [%clk 0:28:20]}
40. e5 {[%clk 0:43:38]} 40... Kf7 {[%clk 0:28:04]} 41. Kd3 { [%clk 0:43:42]}
41... g3 {[%clk 0:27:52]} 42. Ke2 {[%clk 0:43:55]} 42... Ke6 { [%clk 0:27:49]}
43. Kf3 {[%clk 0:44:08]} 43... h5 {[%clk 0:24:42]} 44. a5 { [%clk 0:44:16]}
44... h4 {[%clk 0:24:35]} 45. Kg2 {[%clk 0:44:17]} 45... Kxe5 { [%clk 0:24:22]}
46. a6 46... bxa6 {[%clk 0:24:43]} 47. c6 {[%clk 0:44:53]} 47... a5 {[%clk
0:25:02]} 48. Kf3 {[%clk 0:45:02]} 48... a4 {[%clk 0:25:26]} 49. Kg2 {[%clk
0:45:18]} 49... a3 {[%clk 0:25:47]} 50. Kf3 {[%clk 0:45:43]} 50... a2 {[%clk
0:26:12]} 51. Kg2 {[%clk 0:46:06]} 51... a1=Q {[%clk 0:26:26]} 52. Kh3 {[%clk
0:46:24]} 52... Kf5 {[%clk 0:26:06]} 53. Kg2 {[%clk 0:46:41]} 53... Qb2+ {[%clk
0:26:18]} 54. Kg1 {[%clk 0:46:35]} 54... Qf2+ {[%clk 0:26:43] } 55. Kh1 {[%clk
0:46:56]} 55... Qh2# {[%clk 0:27:08]} 0-1

[Event "DVM U14w 2020"]
[Site "Willingen GER"]
[Date "2021.06.24"]
[Round "2"]
[White "Adelmeyer, Nelly"]
[Black "Becker, Linda"]
[Result "0-1"]
[Termination "normal"]
[Board "2.1"]
[WhiteElo "1458"]
[BlackElo "1763"]
[WhiteClock "00:25:00"]
[BlackClock "00:20:23"]
[WhiteTeam "SV Roter Turm Halle"]
[BlackTeam "Schachgemeinschaft Porz e. V."]
[PlyCount "70"]
[WhiteFideId "16203577"]
[BlackFideId "16244753"]
[EventCountry "GER"]
[EventRounds "7"]
[EventType "team-swiss"]
[EventDate "2021.06.23"]

1. d4 {[%clk 1:30:58]} 1... d5 {[%clk 1:30:54]} 2. Nf3 {[%clk 1:31:22]} 2...
Nf6 {[%clk 1:31:14]} 3. e3 {[%clk 1:31:44]} 3... e6 {[%clk 1:31:37]} 4. Bd3 {
[%clk 1:32:06]} 4... c5 {[%clk 1:31:54]} 5. Nbd2 {[%clk 1:32:20]} 5... Nc6 {
[%clk 1:32:11]} 6. a3 {[%clk 1:32:31]} 6... cxd4 {[%clk 1:30:06]} 7. Nxd4 {
[%clk 1:32:38]} 7... Qb6 {[%clk 1:29:31]} 8. N2f3 {[%clk 1:31:05]} 8... Bd6 {
[%clk 1:29:03]} 9. Nb5 {[%clk 1:27:07]} 9... Bb8 {[%clk 1:26:47]} 10. b3 {
[%clk 1:23:17]} 10... a6 {[%clk 1:25:16]} 11. Nc3 {[%clk 1:20:52]} 11... Ne5 {
[%clk 1:23:40]} 12. Nxe5 {[%clk 1:19:19]} 12... Bxe5 {[%clk 1:23:46]} 13. Bb2 {
[%clk 1:19:01]} 13... Qc7 {[%clk 1:23:46]} 14. Qd2 {[%clk 1:17:24]} 14... Bd7 {
[%clk 1:23:01]} 15. f4 {[%clk 1:14:44]} 15... Bd6 {[%clk 1:21:54]} 16. O-O {
[%clk 1:12:10]} 16... O-O {[%clk 1:21:30]} 17. Qf2 {[%clk 1:10:17]} 17... e5 {
[%clk 1:13:41]} 18. Qh4 {[%clk 1:08:31]} 18... h6 {[%clk 1:11:39]} 19. Rad1 {
[%clk 1:03:35]} 19... Rfe8 {[%clk 1:03:03]} 20. Be2 {[%clk 0:58:36]} 20... d4 {
[%clk 0:58:56]} 21. fxe5 {[%clk 0:53:11]} 21... Rxe5 {[%clk 0:54:14]} 22. Qxd4
{[%clk 0:39:24]} 22... Bc5 {[%clk 0:51:05]} 23. Qc4 {[%clk 0:39:05]} 23... b5 {
[%clk 0:42:10]} 24. Qd3 {[%clk 0:37:34]} 24... Rxe3 {[%clk 0:41:18]} 25. Kh1 {
[%clk 0:34:07]} 25... Rxd3 {[%clk 0:41:31]} 26. Rxd3 {[%clk 0:34:19]} 26... Bg4
{[%clk 0:39:04]} 27. Rg3 {[%clk 0:33:03]} 27... Bxe2 {[%clk 0:33:58]} 28. Nxe2
{[%clk 0:33:06]} 28... Kf8 {[%clk 0:30:29]} 29. b4 {[%clk 0:29:45]} 29... Bd6 {
[%clk 0:28:43]} 30. Rc3 {[%clk 0:29:32]} 30... Qe7 {[%clk 0:28:24]} 31. Nd4 {
[%clk 0:27:56]} 31... Re8 {[%clk 0:24:39]} 32. Nf5 {[%clk 0:26:32]} 32... Qe2 {
[%clk 0:24:03]} 33. Rcf3 {[%clk 0:25:41]} 33... Be5 {[%clk 0:23:38]} 34. Bxe5 {
[%clk 0:25:21]} 34... Rxe5 {[%clk 0:22:36]} 35. R3f2 {[%clk 0:25:00]} 35...
Qxf2 {[%clk 0:20:23]} 0-1

[Event "DVM U14w 2020"]
[Site "Willingen GER"]
[Date "2021.06.24"]
[Round "2"]
[White "Ramien, Hannah"]
[Black "Lorenz, Anouk"]
[Result "0-1"]
[Termination "normal"]
[Board "2.2"]
[WhiteElo "1396"]
[BlackElo "1460"]
[WhiteClock "01:12:14"]
[BlackClock "00:11:53"]
[WhiteTeam "Schachgemeinschaft Porz e. V."]
[BlackTeam "SV Roter Turm Halle"]
[PlyCount "152"]
[WhiteFideId "16209982"]
[BlackFideId "12990256"]
[EventCountry "GER"]
[EventRounds "7"]
[EventType "team-swiss"]
[EventDate "2021.06.23"]

1. e4 {[%clk 1:30:58]} 1... c5 {[%clk 1:30:55]} 2. Nc3 {[%clk 1:31:22]} 2...
Nc6 {[%clk 1:31:14]} 3. f4 {[%clk 1:31:47]} 3... e6 {[%clk 1:31:19]} 4. Bc4 {
[%clk 1:32:11]} 4... g6 {[%clk 1:28:41]} 5. Nf3 {[%clk 1:32:29]} 5... Bg7 {
[%clk 1:28:31]} 6. d3 {[%clk 1:32:53]} 6... Nge7 {[%clk 1:27:38]} 7. O-O {
[%clk 1:33:12]} 7... O-O {[%clk 1:27:54]} 8. Qe1 {[%clk 1:33:34]} 8... d5 {
[%clk 1:25:37]} 9. Bb3 {[%clk 1:33:53]} 9... Na5 {[%clk 1:14:50]} 10. Qh4 {
[%clk 1:30:08]} 10... Nxb3 {[%clk 1:05:13]} 11. axb3 {[%clk 1:27:31]} 11... b6
{[%clk 0:54:04]} 12. f5 {[%clk 1:25:04]} 12... exf5 {[%clk 0:51:08]} 13. Bh6 {
[%clk 1:24:08]} 13... f6 {[%clk 0:38:33]} 14. e5 {[%clk 1:20:52]} 14... g5 {
[%clk 0:34:44]} 15. Qh5 {[%clk 1:14:24]} 15... Qe8 {[%clk 0:21:08]} 16. Qxe8 {
[%clk 1:12:16]} 16... Rxe8 {[%clk 0:21:31]} 17. Bxg7 {[%clk 1:12:38]} 17...
Kxg7 {[%clk 0:21:54]} 18. exf6+ {[%clk 1:12:28]} 18... Kxf6 {[%clk 0:21:47]}
19. Rae1 {[%clk 1:12:10]} 19... Bb7 {[%clk 0:10:17]} 20. Nb5 {[%clk 1:07:00]}
20... Nc6 {[%clk 0:05:39]} 21. Nd6 {[%clk 1:01:25]} 21... Rxe1 {[%clk 0:04:56]}
22. Rxe1 {[%clk 1:01:47]} 22... Rb8 {[%clk 0:02:43]} 23. Ne8+ {[%clk 1:00:43]}
23... Kf7 {[%clk 0:00:34]} 24. Nxg5+ {[%clk 1:00:39]} 24... Kf8 {[%clk 0:00:32]
} 25. Nxh7+ {[%clk 1:00:41]} 25... Kf7 {[%clk 0:00:32]} 26. Nhf6 { [%clk
0:57:37]} 26... Rd8 {[%clk 0:00:31]} 27. h4 {[%clk 0:54:32]} 27... Nb4 { [%clk
0:00:33]} 28. Re2 {[%clk 0:53:53]} 28... Bc6 {[%clk 0:00:38]} 29. Nc7 29...
Kxf6 {[%clk 0:00:50]} 30. Re6+ {[%clk 0:45:58]} 30... Kf7 {[%clk 0:00:54] } 31.
c3 {[%clk 0:43:07]} 31... Bd7 {[%clk 0:01:13]} 32. Re3 {[%clk 0:43:09]} 32...
Nc6 {[%clk 0:00:41]} 33. Nxd5 {[%clk 0:43:25]} 33... Be6 {[%clk 0:00:37]} 34.
Nf4 {[%clk 0:42:54]} 34... Bxb3 {[%clk 0:00:33]} 35. h5 {[%clk 0:42:42]} 35...
Rh8 {[%clk 0:00:33]} 36. Kf2 {[%clk 0:41:51]} 36... Bd1 {[%clk 0:30:30]} 37.
Rh3 {[%clk 1:11:52]} 37... Kf6 {[%clk 0:28:40]} 38. Nd5+ {[%clk 1:07:51]} 38...
Kg5 {[%clk 0:25:50]} 39. Nc7 {[%clk 1:05:20]} 39... Rxh5 {[%clk 0:24:15]} 40.
Ne6+ {[%clk 1:04:59]} 40... Kf6 {[%clk 0:23:35]} 41. Rxh5 {[%clk 1:04:58]}
41... Bxh5 {[%clk 0:23:54]} 42. Nf4 {[%clk 1:05:25]} 42... Bf7 {[%clk 0:24:08]}
43. Kf3 {[%clk 1:05:36]} 43... Ke5 {[%clk 0:23:00]} 44. g4 {[%clk 1:05:18]}
44... fxg4+ {[%clk 0:23:19]} 45. Kxg4 {[%clk 1:05:41]} 45... a5 {[%clk 0:23:10]
} 46. Ne2 {[%clk 1:05:40]} 46... Be6+ {[%clk 0:18:46]} 47. Kf3 {[%clk 1:05:38]}
47... Ne7 {[%clk 0:17:24]} 48. d4+ {[%clk 1:05:25]} 48... cxd4 {[%clk 0:17:10]}
49. Nxd4 {[%clk 1:05:46]} 49... Bd5+ {[%clk 0:16:41]} 50. Ke3 {[%clk 1:06:08]}
50... Nf5+ {[%clk 0:13:47]} 51. Nxf5 {[%clk 1:05:44]} 51... Kxf5 { [%clk
0:14:14]} 52. Kd4 {[%clk 1:06:07]} 52... Bc6 {[%clk 0:13:38]} 53. c4 { [%clk
1:05:58]} 53... Kf4 {[%clk 0:13:37]} 54. b3 {[%clk 1:05:02]} 54... Kf5 { [%clk
0:11:59]} 55. Kd3 {[%clk 1:04:38]} 55... Ke5 {[%clk 0:11:56]} 56. Ke3 { [%clk
1:05:00]} 56... Be4 {[%clk 0:12:05]} 57. Kd2 {[%clk 1:05:10]} 57... Kd4 { [%clk
0:12:26]} 58. Kc1 {[%clk 1:05:34]} 58... Kc3 {[%clk 0:12:45]} 59. Kd1 { [%clk
1:05:57]} 59... Kxb3 {[%clk 0:13:01]} 60. Kd2 {[%clk 1:06:19]} 60... a4 { [%clk
0:13:13]} 61. Kc1 {[%clk 1:06:38]} 61... a3 {[%clk 0:13:34]} 62. Kd2 { [%clk
1:07:01]} 62... a2 {[%clk 0:13:55]} 63. Ke3 {[%clk 1:07:25]} 63... Bc6 { [%clk
0:13:59]} 64. Kd4 {[%clk 1:07:46]} 64... a1=Q+ {[%clk 0:14:12]} 65. Ke3 { [%clk
1:08:08]} 65... Kc3 {[%clk 0:14:22]} 66. Kf4 {[%clk 1:08:34]} 66... Qe1 { [%clk
0:14:35]} 67. Kg4 {[%clk 1:08:57]} 67... Qf1 68. Kg3 {[%clk 1:09:17]} 68... Bf3
{[%clk 0:13:06]} 69. Kf4 {[%clk 1:09:38]} 69... Bc6+ {[%clk 0:12:49]} 70. Ke5
{[%clk 1:10:00]} 70... Qxc4 {[%clk 0:12:26]} 71. Kf5 {[%clk 1:10:25]} 71...
Qe4+ {[%clk 0:12:34]} 72. Kf6 {[%clk 1:10:46]} 72... Kd4 {[%clk 0:12:26]} 73.
Kg5 {[%clk 1:11:09]} 73... Ke5 {[%clk 0:11:59]} 74. Kh6 {[%clk 1:11:31]} 74...
Kf6 {[%clk 0:11:41]} 75. Kh5 {[%clk 1:11:53]} 75... Bb5 {[%clk 0:11:53]} 76.
Kh6 {[%clk 1:12:14]} 76... Qg6# 0-1